000 01078nam a2200229Ia 4500
003 Ost
005 20260507075742.0
008 260507s9999||||xx |||||||||||||| ||und||
020 _a3398287977
040 _cfsecg
041 _aara
082 _a330
100 _aالقليني، فاطمة
_eمؤلف
245 0 _aالإتصال الجماهيري :
_bاتجاهات نظرية ومنهجية /
_c فاطمة القليني
260 _aالقاهرة:
_bدار الكتب العلمية للنشر والتوزيع,
_c2004
300 _a234 صفحة؛
_bإيضاحات ؛
_c24 سم
520 _aالإتصال الجماهيري المفهوم والمكونات والوظائف- تطور وبحوث التأثير الإعلامي- الاسس المعرفية لنظريات الإتصال ونماذج الإعلام- الإتجاهات المنهجية في دراسة الإتصال الجماهيري
653 _aالإتصال
653 _aالإتصال الجماهيري
700 _aشومان، محمد
_eمؤلف ثانوي
942 _cكتاب
999 _c46150
_d46150